Veinte mil leguas de viaje submarino
Saved in:
| Hovedforfatter: | |
|---|---|
| Format: | Bog |
| Sprog: | spansk |
| Udgivet: |
Santiago
Andrés Bello
2005
|
| Udgivelse: | 11a. ed |
| Serier: | Colección Viento Joven
|
| Fag: | |
| Tags: |
Tilføj Tag
Ingen Tags, Vær først til at tagge denne postø!
|
MARC
| LEADER | 00000nam a2200000 a 4500 | ||
|---|---|---|---|
| 001 | UCH8490 | ||
| 003 | CL-VaPUC | ||
| 008 | 091127e20050500CL |||||||||||||||||spa|d | ||
| 020 | |a 9561211262 | ||
| 082 | 0 | 4 | |a 843 |b VER |2 21 |
| 100 | 0 | |a Verne, Julio |e author |9 545067 | |
| 245 | 1 | 0 | |a Veinte mil leguas de viaje submarino |
| 250 | |a 11a. ed | ||
| 300 | |a 127 p | ||
| 942 | |c BK | ||
| 945 | |d 20091127 00:00:00 |a lazolas | ||
| 260 | |a Santiago |b Andrés Bello |c 2005 | ||
| 650 | 0 | |a Novela francesa |9 264985 | |
| 650 | 0 | |a Ciencia ficción |9 314542 | |
| 650 | 0 | |a Literatura fantástica |9 266050 | |
| 583 | |a last modification |c 20091127 00:00:00 |k Rodrigo Vera | ||
| 490 | 0 | |a Colección Viento Joven | |
| 999 | |c 338701 |d 338699 | ||